000 00244nam a2200109 a 4500
005 20140414132039.0
008 110322s19uu xx 00 eng d
050 _aTR
_bSH1 2004
100 _aWillis, Jeanne
245 _aShhh!.
999 _c113791
_d113791